000 00689nam a22002417a 4500
003 UA-OsUOA
001 44384
007 ta
008 20101014b un ||||| |||| 00| 0 ukr d
100 _aТривуновиh В.
090 _a82-1
_bТ67
942 _cBK
040 _aUA-OsUOA
_bmac
_cUA-OsUOA
_dUA-OsUOA
245 _aПjесме краjине и Украjине
300 _a116 s.
955 _a4
041 _amac
080 _a82-1
260 _aTrivunija
_c2009
650 7 _a82 Література. Літературознавство
_2UDC
999 _c424446
_d424446